Catálogo - Centro de Recursos para el Aprendizaje y la Investigación
Volver al Sitio - CRAI Biblioteca| 000 -CABECERA | |
|---|---|
| campo de control de longitud fija | 01130nam a2200277 4500 |
| 001 - NÚMERO DE CONTROL | |
| campo de control | 114025 |
| 003 - IDENTIFICADOR DEL NÚMERO DE CONTROL | |
| campo de control | DR-UNIBE |
| 005 - FECHA Y HORA DE LA ÚLTIMA TRANSACCIÓN | |
| campo de control | 20250807100043.0 |
| 008 - DATOS DE LONGITUD FIJA--INFORMACIÓN GENERAL | |
| campo de control de longitud fija | 250807b2019 dr ||||| |||| 00| 1 spa d |
| 040 ## - FUENTE DE LA CATALOGACIÓN | |
| Centro catalogador/agencia de origen | BIBLIOTECA UNIBE |
| Lengua de catalogación | spa |
| Centro/agencia transcriptor | BIBLIOTECA UNIBE |
| Normas de descripción | rda |
| 041 ## - CÓDIGO DE LENGUA | |
| Código de lengua del texto/banda sonora o título independiente | spa |
| 090 ## - LOCALMENTE ASIGNADO TIPO-LC NÚMERO DE CLASIFICACIÓN (OCLC); NÚMERO DE CLASIFICACIÓN LOCAL (RLIN) | |
| Número de clasificación (OCLC) (R) ; Numero de clasificación, CALL (RLIN) (NR) | FBIU-DRP CI R173u |
| 100 ## - ENTRADA PRINCIPAL--NOMBRE DE PERSONA | |
| Nombre de persona | Ramírez, Yefry |
| 9 (RLIN) | 198247 |
| Término indicativo de función/relación | autor |
| 245 ## - MENCIÓN DE TÍTULO | |
| Título | Un juego peligroso / |
| Mención de responsabilidad, etc. | Yefry Ramírez ; ilustración: Miguel Cepeda ; edición y diseño gráfico: Ana Galán |
| 250 ## - MENCIÓN DE EDICIÓN | |
| Mención de edición | Primera edición |
| 260 ## - PUBLICACIÓN, DISTRIBUCIÓN, ETC. | |
| Lugar de publicación, distribución, etc. | Loma Cabarete : |
| Nombre del editor, distribuidor, etc. | Dream Project, |
| Fecha de publicación, distribución, etc. | 2019 |
| 300 ## - DESCRIPCIÓN FÍSICA | |
| Extensión | [Sin páginas] : |
| Otras características físicas | ilustraciones a color ; |
| Dimensiones | 20 x 20 cm |
| 500 ## - NOTA GENERAL | |
| Nota general | Ganador del concurso de escritura, auspiciado por la Dodgers con el apoyo de Dream Project. Datos del autor e ilustrador al final de la obra |
| 653 ## - TÉRMINO DE INDIZACIÓN--NO CONTROLADO | |
| Término no controlado | Cuentos infantiles domincanos |
| 653 ## - TÉRMINO DE INDIZACIÓN--NO CONTROLADO | |
| Término no controlado | Beisbol - Cuentos infantiles dominicanos |
| 653 ## - TÉRMINO DE INDIZACIÓN--NO CONTROLADO | |
| Término no controlado | Animales - Cuento infantiles dominicanos |
| 653 ## - TÉRMINO DE INDIZACIÓN--NO CONTROLADO | |
| Término no controlado | Literatura infantil dominicana |
| 700 ## - PUNTO DE ACCESO ADICIONAL--NOMBRE DE PERSONA | |
| Nombre de persona | Cepeda, Miguel |
| 9 (RLIN) | 145513 |
| Término indicativo de función/relación | ilustrador |
| 700 ## - PUNTO DE ACCESO ADICIONAL--NOMBRE DE PERSONA | |
| Nombre de persona | Galán, Ana |
| 9 (RLIN) | 154971 |
| Término indicativo de función/relación | editor |
| -- | diseñador gráfico |
| 942 ## - ELEMENTOS DE PUNTO DE ACCESO ADICIONAL (KOHA) | |
| Fuente del sistema de clasificación o colocación | Sistema de Clasificación Decimal Dewey |
| Tipo de ítem Koha | Libro (general) |
| Estado de retiro | Estado de pérdida | Fuente del sistema de clasificación o colocación | No para préstamo | Código de colección | Localización permanente | Fecha de adquisición | Total de préstamos | Signatura topográfica completa | Código de barras | Fecha visto por última vez | Número de copia | Precio válido a partir de | Tipo de ítem Koha |
|---|---|---|---|---|---|---|---|---|---|---|---|---|---|
| Disponible | Sistema de Clasificación Decimal Dewey | No se presta | Fondo Bibliográfico IBBY-UNIBE | Biblioteca Central UNIBE | 10/07/2025 | FBIU-DRP CI R173u | FBIU0885 | 07/08/2025 | EJ.1 | 07/08/2025 | Libro (reserva) |